Statistics for Countries with Chemical Elements named after them

Click here to take the quiz!

General Stats

  • This quiz has been taken 84 times
  • The average score is 3 of 5

Answers on the Map

Answers color-coded by a green-red scale on the quiz's map according to % correct below.
 

Answer Stats

ElementCountry% Correct
GermaniumGermany
95%
Gallium, FranciumFrance
93%
PoloniumPoland
74%
NihoniumJapan
55%
CopperCyprus
16%

Score Distribution

Percentile by Number Answered

Percent of People with Each Score

Your Score History

You have not taken this quiz